02852nam a2200289 i 4500003000900000005001700009006001900026007000300045008003500048020001500083040003300098082002700131245016700158264005200325300005600377336002600433337003200459338002800491490004900519500006100568505176200629650005102391650002402442700003502466700002702501700003402528DO-SdBPM20260211131710.0a||||gr|||| 00| 0 ta230621t2002 dr ad| 00| 0 spa d a9993425273 aDO-SdBPMbspacBPMSUerdad  4a361.25bD441g 200222200aDesafíos de la gerencia social en el siglo XXI:bla construcción de sociedades equitativas. /cElsy Bonilla-Castro, Isabel Licha y José R. Molinas, editores 4a[Santo Domingo] :bINDES,bBID,bINTEC,c©2002 a223 página :bIlustraciones, gráficas ;c23 cm. 2rdacontenatextobtxt 2rdamediaasin mediciónbn 2rdacarrieravolumenbnc0 aTemas Especializados de Gerencia Social ;v5 aIncluye datos biográficos en la solapa de la cubierta.0 aA manera de presentación|GRANDES TEMAS DE LA GERENCIA SOCIAL 12|Situación y problemática del gasto social en América Latina - Nohra Rey de Marulanda 14|Los accidentados caminos de la profesionalización de la gerencia social en América Latina - Francisco Gaetani 25|Mitos y lecciones para enfrentar la pobreza en América Latina y el Caribe - Alejandro Medina Giopp 47|DESAFIOS DE LA GERENCIA SOCIAL 66|Desafíos de la política y la Gerencia Social del siglo XXI - Clarisa Hardy 68|Las nuevas desigualdades sociales en América Latina - Isabel Licha 82|Innovaciones en la política social: el papel del capital social - José R. Molinas 99|La gestión de programas y proyectos sociales en América Latina en la búsqueda de un nuevo paradigma - Alejandro Medina Giopp 118|FORMACION DE GERENTES SOCIALES: BALANCE Y REFLEXIONES DE LA EXPERIENCIA DEL INDES-BID-INTEC EN LA REPUBLICA DOMINICANA 162|El desafío del programa INDES en República Dominicana: formar gerentes para el desarrollo social integral - Elssy Bonilla-Castro 164|El BID y la Gerencia Social en la República Dominicana - Stephen McGaughey 176|Desafíos y proyección de la Gerencia Social en la República Dominicana - Rafael Toribio 182|El entrenamiento en Gerencia Social en República Dominicana: reflexiones a partir de la experiencia del programa INDES-BID-INTEC - Tamara Valdez San Pedro 187|Las relaciones Estado-OSC y Sociedad Civil desde la perspectiva de la gerencia social - Ana Selman 194|El rol de la sociedad civil en el gobierno municipal - Vanessa Herrera Carbuccia 214|Desafíos de la Gerencia Social en los municipios de República Dominicana - Fausto Ruíz 218|Gerencia Social, Política Social y Educación Superior - Diana Contreras 221 7aAdministración de servicios comunitarios 2  7a Política social 1 aBonilla-Castro,, Elsy eeditor1 aLicha, Isabel 4editor1 a R. Molinas, , osé,eeditor